000 01258nam a22003617a 4500
003 CHAP
005 20220329134319.0
008 971013s1979 r 00010 d
010 _a18584
011 _a19556
035 _a23641
040 _cCHAP
082 _a589.2
_bA54 1979
100 0 0 _aAlexopoulos, Constantine John.
_93843
245 _aIntroductory mycology
250 _a3 ed.
260 _aNew York :
_bWiley,
_c1979
300 _a632 p.
_b: ilus
590 _aBATCH-UPD
_b10
_c20130110
_lUCH01
_h0113
590 _aBATCH-UPD
_b10
_c20130110
_lUCH01
_h1839
590 _aBATCH-UPD
_b10
_c20130410
_lUCH01
_h1210
590 _aBATCH-UPD
_b10
_c20130914
_lUCH01
_h1729
590 _aCONVERSION
_b10
_c20130109
_lUCH01
_h1311
650 1 4 _aLĂ­quenes.
_967489
650 1 4 _aMicologĂ­a.
_975476
700 0 _aMims, Charles W.
_975901
901 _aBK
942 _cLIBRO
949 _a589.2 A54 1979
_bBC
_cLIBRO
_d33724000354163
_eLIBRO
_fc.4
_gI.147696
_h76630
_i23641
_si
_t72.00
949 _a589.2 A54 1979
_bBC
_cLIBRO
_d33724000354171
_eLIBRO
_h49534
_i23641
_si
_t529.00
949 _a589.2 A54 1979
_bBC
_cLIBRO
_d33724000354189
_eLIBRO
_fc.2
_h51467
_i23641
_si
_t529.00
949 _a589.2 A54 1979
_bBC
_cLIBRO
_d33724000354197
_eLIBRO
_fc.3
_h51468
_i23641
_si
_t529.00
999 _c18584
_d18584